Cube Roots - Statistics

General Stats
  • This quiz has been taken 34 times
  • The average score is 10 of 10
Answer Stats
Hint Answer % Correct
∛1 1
100%
∛8 2
100%
∛27 3
100%
∛64 4
100%
∛1,000 10
96%
∛216 6
96%
∛343 7
96%
∛512 8
93%
∛729 9
93%
∛2,197 13
89%
No matching quizzes found
Score Distribution
Percent of People with Each Score
Percentile by Number Answered
Your Score History
You have not taken this quiz